| 000 | 00763nam a2200133Ia 4500 | ||
|---|---|---|---|
| 008 | 171212s9999 xx 000 0 und d | ||
| 020 | _a9780833080585 | ||
| 100 | _aGates, Susan M.;Roth, Elizabeth;Srinivasan, Sinduja;Daugherty, Lindsay | ||
| 245 |
_cGates, Susan M.;Roth, Elizabeth;Srinivasan, Sinduja;Daugherty, Lindsay _aAnalyses of the Department of Defense Acquisition Workforce _bUpdate to Methods and Results through FY 2011 |
||
| 260 |
_bRAND Corporation _c2013 |
||
| 650 | _aHistory | ||
| 650 | _aUnited States. Department of Defense -- Procurement -- Management; United States. Department of Defense -- Personnel management -- Evaluation; Civil service -- United States -- Personnel management | ||
| 856 | _uhttp://www.jstor.org/stable/10.7249/j.ctt5hhvtb | ||
| 999 |
_c351734 _d351734 |
||